Rescue!.
Guardado en:
| Formato: | |
|---|---|
| Materias: | |
| Etiquetas: |
Agregar Etiqueta
Sin Etiquetas, Sea el primero en etiquetar este registro!
|
| LEADER | 00678ngm a22002055g 4500 | ||
|---|---|---|---|
| 001 | CEM.cems022272 | ||
| 008 | 130507b1997##################0###0#####d | ||
| 005 | 20241015161236.0 | ||
| 245 | 0 | 0 | |a Rescue!. |
| 300 | |a 10'. | ||
| 500 | |a En soporte VHS, consultar en ventanilla. | ||
| 505 | 0 | |a Visita al grupo aéreo de rescate para accidentes (incluye language review). | |
| 538 | |a Soporte: VHS - Norma: Pal N - Color: Si - Grabación DRD 1997 - Hitachi=0643 | ||
| 082 | 4 | 2 | |/ OXF-4 |
| 653 | |a IDIOMA | ||
| 653 | |a INGLES | ||
| 653 | |a RESCATE AEREO | ||
| 653 | |a NIVEL PRIMARIO | ||
| 653 | |a NIVEL SECUNDARIO | ||
| 859 | |a CEMS |b BIB. CEMS - Depto. Recursos Didacticos |h 420 |i OXF-4 |k DRD |p 915.12 |t Ej.1 | ||
